000 00147 a2200085 4500
041 _aspa
100 _aAnonimo
245 _aEl Maestro
942 _cBK
999 _c15836
_d15836